000 00584nam a22001937a 4500
003 OSt
005 20240422115139.0
008 240422b |||||||| |||| 00| 0 eng d
020 _a0205465250
040 _cDDCf
082 _2Fifth Edition
_a519.533 TAB 2007
100 _4Tabachnick Barbara G., Fidell Linda S.
245 _aPearson International Edition :Using Multivariate Statistics
260 _aNEW YORK
_bPearson international Edition
_c2007
300 _axxv; 980p.
_bIll,
_c23cm.
504 _aAppendix References,Index.
650 _aMathematics
942 _2ddc
_cO_SHELF
999 _c8300
_d8300